LEADER 01250nam a2200265 i 4500 001 000000150862 003 CaOOAMICUS 005 20060614000000.0 008 060614s1942 it u000 u ita u 013 $a128200 040 $aSeMil$bita 100 1 $aGuillaume, A.$0(OLS)http://semarc/name/38485 245 13$aLe Litanie della Santissima Vergine :$bcommentario dottrinale di ogni invocazione /$cA. Guillaume ; Traduzione curata da Candido Balma. 260 $aAlba :$bIstituto Missionario Pia Società San Paolo,$c(Stampa 1942) 300 $a609 p. ;$c20 cm. 490 0 $aAurora ;$v4. 650 4$aMadonna - Preghiere.$0(OLS)http://semarc/subject/6540 650 4$aLitanie - Maria .$0(OLS)http://semarc/subject/9022 700 1 $aBalma, Candido.$0(OLS)http://semarc/name/59416 830 0$aAurora ;$v4.$0(OLS)http://semarc/title/21003 850 $aSeMil 852 $aSeMil$W1$xVenegono$y1$m2L III 81$j102922$B102922$CSeMilBibl$Z2$F112321 $81 961 $aLascito: Bonalumi don Gildo 996 $6245$aLe Litanie della Santissima Vergine :$bcommentario dottrinale di ogni invocazione$9(OLS)http://semarc/title/220512 996 $6260$aAlba :$bIstituto Missionario Pia Società San Paolo$9(OLS)http://semarc/publisher/34512 LEADER 00627nas a2200169 i 4500 001 000000007347 003 CaOOAMICUS 005 20180830125438.0 008 180830s1964 it u0 ita u 040 $aSeMil$bita 245 10$aCollana di filosofia$cdiretta da E. Paolo Lamanna, Pietro Piovani. 260 $aNapoli :$bMorano,$c1964. 300 $av. ;$c23 cm. 700 1 $aPiovani, Pietro,$d<1922-1980>.$0(OLS)http://semarc/name/3812 700 1 $aLamanna, E. Paolo.$0(OLS)http://semarc/name/3811 996 $6245$aCollana di filosofia$9(OLS)http://semarc/title/419438 996 $6260$aNapoli :$bMorano$9(OLS)http://semarc/publisher/31687